| 000 | 02257nam a2200493 i 4500 | ||
|---|---|---|---|
| 001 | 9781350165557 | ||
| 003 | CaBNVSL | ||
| 005 | 20250115160300.0 | ||
| 006 | m o d | ||
| 007 | cr cn||||m|||a | ||
| 008 | 210228s2021 enk ob 101 0 eng d | ||
| 020 |
_a9781350165557 _q(online) |
||
| 020 |
_a9781350165540 _q(ePub) |
||
| 020 |
_z9781350165519 _q(softback) |
||
| 020 |
_z9781350165526 _q(hardback) |
||
| 020 |
_z9781350165533 _q(PDF) |
||
| 024 | 7 |
_a10.5040/9781350165557 _2doi |
|
| 035 | _a(OCoLC)1240681207 | ||
| 040 |
_aCaBNvSL _beng _erda _cCaBNvSL _dCaBNvSL |
||
| 082 | 0 | 4 |
_a720.1/05 _223 |
| 100 | 1 |
_aLeach, Neil, _eauthor. |
|
| 245 | 1 | 0 |
_aArchitecture in the age of artificial intelligence : _ban introduction to AI for architects / _cNeil Leach. |
| 246 | 3 | _aArtificial intelligence design revolution | |
| 246 | 3 | 0 | _aArchitecture in the age of artificial intelligence |
| 250 | _aFirst edition. | ||
| 264 | 1 |
_aLondon [England] : _bBloomsbury Visual Arts, _c2021. |
|
| 264 | 2 |
_a[London, England] : _bBloomsbury Publishing, _c2021 |
|
| 300 | _a1 online resource (176 pages). | ||
| 336 |
_atext _2rdacontent |
||
| 337 |
_acomputer _2rdamedia |
||
| 338 |
_aonline resource _2rdacarrier |
||
| 490 | 0 | _aArchitecture in the age of artificial intelligence. | |
| 504 | _aIncludes bibliographical references and index. | ||
| 506 | _aAbstract freely available; full-text restricted to individual document purchasers. | ||
| 532 | 0 | _aCompliant with Level AA of the Web Content Accessibility Guidelines. Content is displayed as HTML full text which can easily be resized or read with assistive technology, with mark-up that allows screen readers and keyboard-only users to navigate easily. | |
| 538 | _aMode of access: World Wide Web. | ||
| 650 | 0 | _aArchitecture and technology. | |
| 650 | 0 | _aArtificial intelligence. | |
| 650 | 0 | _aSoftware architecture. | |
| 655 | 4 | _aElectronic books. | |
| 776 | 0 | 8 |
_iPrint version: _z9781350165519 |
| 856 | 4 | 0 |
_uhttps://ezproxy.taylors.edu.my/login?url=https://ezproxy.taylors.edu.my/login?url=https://doi.org/10.5040/9781350165557?locatt=label:secondary_bloomsburyCollections _qtext/html _zAn electronic book accessible through the World Wide Web; click to view |
| 999 | _c191962 | ||